[Event "Helsingor Xtracon op"]
[Site "Helsingor"]
[Date "2018.07.27"]
[Round "8"]
[White "Kharraziha, Hamid"]
[Black "Olsen, Lars Peter Levin"]
[Result "1-0"]
[WhiteElo "1502"]
[BlackElo "1106"]
[PlyCount "71"]
[EventDate "2018.07.21"]
[EventType "swiss"]
[EventRounds "10"]
[EventCountry "DEN"]
[SourceTitle "CBM 185 Extra"]
[Source "ChessBase"]
[SourceDate "2018.07.29"]
[SourceVersion "1"]
[SourceVersionDate "2018.07.29"]
[SourceQuality "1"]

1. e4 c5 2. Nf3 Nc6 3. d4 cxd4 4. Nxd4 g6 5. c4 Bg7 6. Be3 e6 7. Nc3 a6 8. Be2 Nge7 9. 0-0 Nxd4 10. Bxd4 e5 11. Bc5 0-0 12. Nd5 Nxd5 13. Bxf8 Nf4 14. Bxg7 Kxg7 15. Bf3 Qg5 16. Kh1 Ra7 17. Qd2 Qd8 18. g3 Ne6 19. Rad1 b6 20. Qd6 f6 21. Qxe6 a5 22. Rd6 Qf8 23. Qd5 Qf7 24. Qxf7+ Kxf7 25. Rfd1 Ke7 26. Bg4 h5 27. Bh3 Rc7 28. b3 b5 29. cxb5 Ke8 30. b6 Rc2 31. R1d2 Rc1+ 32. Kg2 Bb7 33. f3 Rc3 34. R6d3 Rc1 35. Rxd7 Ba6 36. Rd8+ 1-0

[Event "Helsingor Xtracon op"]
[Site "Helsingor"]
[Date "2018.07.25"]
[Round "6"]
[White "Sundin, Sven Ingvar"]
[Black "Olsen, Lars Peter Levin"]
[Result "1-0"]
[WhiteElo "1567"]
[BlackElo "1106"]
[PlyCount "67"]
[EventDate "2018.07.21"]
[EventType "swiss"]
[EventRounds "10"]
[EventCountry "DEN"]
[SourceTitle "CBM 185 Extra"]
[Source "ChessBase"]
[SourceDate "2018.07.29"]
[SourceVersion "1"]
[SourceVersionDate "2018.07.29"]
[SourceQuality "1"]

1. e4 c5 2. c3 a6 3. d4 cxd4 4. cxd4 Nc6 5. Nf3 e6 6. a3 b5 7. b4 Be7 8. Bb2 Bf6 9. Bd3 Nge7 10. e5 Bxe5 11. dxe5 Bb7 12. 0-0 0-0 13. Nbd2 d6 14. Qe2 d5 15. Nb3 Qc7 16. Nc5 Bc8 17. Rfe1 Rb8 18. Ng5 g6 19. Qf3 Nd8 20. Qh3 h5 21. g4 Kg7 22. gxh5 Rh8 23. Qf3 Nf5 24. hxg6 Nh6 25. Qf6+ Kg8 26. gxf7+ Ndxf7 27. Qg6+ Kf8 28. Ngxe6+ Bxe6 29. Nxe6+ Ke7 30. Qf6+ Kd7 31. Nxc7 Rbg8+ 32. Kf1 Kxc7 33. Rac1+ Kd7 34. e6+ 1-0

[Event "Helsingor Xtracon op"]
[Site "Helsingor"]
[Date "2018.07.22"]
[Round "3"]
[White "Olsen, Lars Peter Levin"]
[Black "Petersen, Jan"]
[Result "0-1"]
[WhiteElo "1106"]
[BlackElo "1647"]
[PlyCount "74"]
[EventDate "2018.07.21"]
[EventType "swiss"]
[EventRounds "10"]
[EventCountry "DEN"]
[SourceTitle "CBM 185 Extra"]
[Source "ChessBase"]
[SourceDate "2018.07.29"]
[SourceVersion "1"]
[SourceVersionDate "2018.07.29"]
[SourceQuality "1"]

1. e4 e5 2. Nf3 Nc6 3. Bb5 Nge7 4. Bxc6 Nxc6 5. 0-0 Bc5 6. c3 d6 7. Qb3 0-0 8. d3 Rb8 9. Bg5 Qe8 10. Nbd2 Be6 11. Qd1 f5 12. Re1 f4 13. a3 a6 14. b4 Ba7 15. c4 h6 16. Bh4 g5 17. Bxg5 hxg5 18. Nxg5 Qg6 19. Ndf3 Bg4 20. h4 Qh5 21. c5 Nd4 22. Ra2 dxc5 23. Qc1 b5 24. bxc5 Nxf3+ 25. Nxf3 Bxf3 26. gxf3 Kh7 27. Qd1 Rg8+ 28. Kf1 Bxc5 29. Rc2 Bb6 30. Qa1 Rbe8 31. Ke2 Rg2 32. Kd1 Qxf3+ 33. Rce2 Qxd3+ 34. Rd2 Qb3+ 35. Rc2 Rxf2 36. Qc1 Rd8+ 37. Qd2 Rdxd2+ 0-1

[Event "Helsingor Xtracon op"]
[Site "Helsingor"]
[Date "2018.07.21"]
[Round "1"]
[White "Slettebo, Jan"]
[Black "Olsen, Lars Peter Levin"]
[Result "1-0"]
[WhiteElo "1987"]
[BlackElo "1106"]
[PlyCount "57"]
[EventDate "2018.07.21"]
[EventType "swiss"]
[EventRounds "10"]
[EventCountry "DEN"]
[SourceTitle "CBM 185 Extra"]
[Source "ChessBase"]
[SourceDate "2018.07.29"]
[SourceVersion "1"]
[SourceVersionDate "2018.07.29"]
[SourceQuality "1"]

1. e4 e5 2. Nf3 Nc6 3. d4 Nf6 4. dxe5 Nxe4 5. Bc4 Bc5 6. Qd5 Bxf2+ 7. Ke2 0-0 8. Qxe4 Bc5 9. Rd1 Be7 10. Kf1 d6 11. Nc3 Be6 12. Bf4 Bxc4+ 13. Qxc4 Qd7 14. Nd5 Rac8 15. Qb5 b6 16. Qxc6 Qe6 17. Re1 h6 18. Nd4 Qxd5 19. Qxd5 Kh8 20. Nc6 Bg5 21. Bxg5 hxg5 22. exd6 cxd6 23. Qxd6 f5 24. Re7 Rf6 25. Re6 Rcf8 26. Rae1 f4 27. Rxf6 Rxf6 28. Re8+ Kh7 29. Qd3+ 1-0